000 00632nam a2200217Ia 4500
005 20241129111136.0
008 241129s9999||||xx |||||||||||||| ||und||
020 _a978-1-03-228067-7
037 _aTB
040 _aCRL
_beng
_cCRL
041 _aeng
_2eng
084 _aQ R3
_qCRL
100 _aSpigel Chad [...et al] Au.
_9723452
245 0 _aUndergraduate research in religious studies: a guide for students and faculty
_cSpigel Chad [...et al] Au.
260 _aLondon, UK
_bRoutledge
_c2023
300 _avi,159p.
365 _aUKP
_b35.99
650 _aReligion
942 _cTB
_hQ R3
999 _c1229114
_d1229114